000 00400nam a22001697a 4500
003 NUST
020 _a8121929660
038 _aKhadija
082 _a621.81
_bSHA
100 _aShah, P. J.
_983646
245 _aA Textbook of Machine Drawing /
_cP.J. Shah
260 _aNew Delhi:
_bS.Chand;
_c2009.
300 _ai.V (Unpaged). ;
_b22 cm.
500 _aPaperback.
563 _aPB
942 _cBK
_2ddc
999 _c32594
_d32594